000 00444nam a2200181Ia 4500
001 18036
005 20260306171601.0
008 260306s9999||||xx |||||||||||||| ||und||
041 _aESP
082 _a658.38
_bH39
100 _aHenao Robledo, Fernando
_eAUT
245 0 _aSalud ocupacional:
_bconceptos básicos
260 _c2010
300 _avi, 131 páginas :
_c24 cm.
650 _aGEN
654 _aCAN
942 _cLIB
_dJUS
_fJUS
_2ddc
_n
999 _c18036
_d18036